00573nam a2200193 a 450000100060000000300080000600500170001400800410003103500190007204000280009104100080011908200220012710000270014924500530017626000580022930000260028765000270031370000390034061684BD-RjUL20211209081006.0170121r19561948enk 000 0 eng  a(BD-RjUL)61808 aDLCcCarPdBD-RjULbeng aeng 223a658bBRM 19561 aBrown, Wilfred,d1908-10aManagers, men and morale /cWilfred Brown, Baron aLondon :bMacdonald & Evans,c1948 [ reprinted 1956 ] avii, 163 p. ;c23 cm. 0aIndustrial management.1 aRaphael, Winifred Spielman,d1898-